000 00544nam a2200169Ia 4500
999 _c36973
_d36973
003 OSt
005 20201217105414.0
008 190216s9999||||xx |||||||||||||| ||und||
040 _coclc
082 _a492.7
_bALK/N
100 _aAl-Khatib, Ahmad Shafiq
_97616
245 2 _aA New Dictionary Of Scientific &Technical Terms Arabic - English /
_cAhmad Shafiq Al-Khatib
260 _bLibrairie Du Liban Publishers,
_aLebonan:
300 _a734p
650 _aDictionaries
942 _cREF
_2ddc
_h492.7
_iALK/N
_k492.7
_mALK/N